| 000 | 00598nam a22002177a 4500 | ||
|---|---|---|---|
| 003 | UA-OsUOA | ||
| 001 | 71772 | ||
| 007 | ta | ||
| 008 | 20101203b un ||||| |||| 00| 0 ukr d | ||
| 100 | _aСкуба В. | ||
| 090 |
_a94(477) _bС46 |
||
| 942 | _cSA | ||
| 040 |
_aUA-OsUOA _bukr _cUA-OsUOA _dUA-OsUOA |
||
| 245 | _aМагдебурзьке право: Європа на рівнігенетичної пам'яті | ||
| 300 | _aС.14-15 | ||
| 955 | _a0 | ||
| 041 | _aukr | ||
| 080 | _a94(477) | ||
| 773 | 0 | _w71768 | |
| 650 | 7 |
_a9 Географія. Біографії. Історія _2UDC |
|
| 999 |
_c357896 _d357896 |
||